000 00699nam a2200217Ii 4500
003 JO-AjNU
008 230605s9999||||xx |||||||||||||| ||und||
017 _a2004/2/434
040 _aJO-AjNU
_bara
_erda
_cJO-AjNU
041 _aara
050 1 4 _aPJ6121.H3536 2004
100 3 _aالحمد،غانم قدوري,
_eauthor
_924387
245 0 0 _aالمدخل إلى علم أصوات العربية
250 _aط1
264 3 1 _aعمان: دار عمار للنشر والتوزيع، 2004
300 _a327ص
336 _atext
_btxt
_2rdacontent
337 _aunmediated
_bn
_2rdamedia
338 _avolume
_bnc
_2rdacarrier
650 4 _aاللغة العربية-علم الاصوات
_924388
999 _aA8972
_c12540
_d12540